The refugee in the post-war world.

Bibliographic Details
Main Author: Vernant, Jacques
Format: Book
Language:English
Published: New Haven : Yale University Press, 1953.
Subjects:

MARC

Tag First Indicator Second Indicator Subfields
LEADER 00000cam a2200000 4500
001 in00000039130
005 20151007081525.0
008 720124s1953 b 1 eng u
010 |a a 53005289  
035 |a (OCoLC)00225746 
035 |9 AAF6515AM 
040 |c YNG  |d OCL  |d TXA  |d UtOrBLW 
049 |a TXAM  |c 1 [247292]  |c 2 [263892] 
090 |a HV640  |b .V46 1953 
092 |a 325.12  |b V529r 
100 1 |a Vernant, Jacques. 
245 1 4 |a The refugee in the post-war world. 
264 1 |a New Haven :  |b Yale University Press,  |c 1953. 
300 |a xvi, 827 pages ;  |c 23 cm. 
336 |a text  |b txt  |2 rdacontent 
337 |a unmediated  |b n  |2 rdamedia 
338 |a volume  |b nc  |2 rdacarrier 
500 |a Includes index. 
504 |a Bibliography: pages 785-794. 
650 0 |a Political refugees. 
999 |a MARS 
999 f f |s 3fc46942-bae3-345d-8feb-278b35ba1d90  |i 95fa2b51-91b5-3c23-b86b-e1a74e16ffc0  |t 0 
952 f f |p normal  |a Texas A&M University  |b College Station  |c Sterling C. Evans Library  |d Evans: Library Stacks  |t 0  |e HV640 .V46 1953  |h Library of Congress classification  |i unmediated -- volume  |m A14800668546 
998 f f |a HV640 .V46 1953  |t 0  |l Evans: Library Stacks